Child development. (Record no. 19710)

MARC details
000 -LEADER
fixed length control field 00639cam a22002412 4500
001 - CONTROL NUMBER
control field 0000009280
003 - CONTROL NUMBER IDENTIFIER
control field OSt
005 - DATE AND TIME OF LATEST TRANSACTION
control field 20221027153558.0
008 - FIXED-LENGTH DATA ELEMENTS--GENERAL INFORMATION
fixed length control field 080921s xx 000 0 eng d
020 ## - INTERNATIONAL STANDARD BOOK NUMBER
International Standard Book Number 8120346925
040 ## - CATALOGING SOURCE
Original cataloging agency KABU
Transcribing agency KABU
050 #0 - LIBRARY OF CONGRESS CALL NUMBER
Classification number HQ767.9
Item number .B47 C.1
100 1# - MAIN ENTRY--PERSONAL NAME
Personal name Berk, Laura E.
245 10 - TITLE STATEMENT
Title Child development.
250 ## - EDITION STATEMENT
Edition statement 9th ed.
260 ## - PUBLICATION, DISTRIBUTION, ETC. (IMPRINT)
Place of publication, distribution, etc. Boston :
Name of publisher, distributor, etc. Pearson Educ.,
300 ## - PHYSICAL DESCRIPTION
Extent 1 vol(various paging)
650 #0 - SUBJECT ADDED ENTRY--TOPICAL TERM
Topical term or geographic name as entry element Child development.
908 ## - PUT COMMAND PARAMETER (RLIN)
Put command parameter 080921
942 ## - ADDED ENTRY ELEMENTS (KOHA)
Source of classification or shelving scheme Library of Congress Classification
Koha item type General Collection
Holdings
Withdrawn status Lost status Source of classification or shelving scheme Not for loan Home library Current library Date acquired Cost, normal purchase price Total Checkouts Full call number Barcode Date last seen Price effective from Koha item type
    Library of Congress Classification   Kabarak, Main Campus Kabarak, Main Campus 27/10/2022 8349.00   HQ767.9 .B47 032580 27/10/2022 27/10/2022 General Collection
Designed with assistance from East African Informatics Ltd